Statistics for States that Beat Texas

Click here to take the quiz!

General Stats

  • This quiz has been taken 9,344 times
  • The average score is 13 of 19

Answer Stats

Rank Hint Answer % Correct
2Highest populationCalifornia
99%
3Southernmost pointHawaii | Florida
98%
2Largest areaAlaska
98%
4Highest recorded temperatureCalifornia | Arizona | Nevada
91%
2Highest % of population is HispanicNew Mexico
86%
8Most religiousAlabama | Louisiana | Mississippi | Tennessee |
Arkansas | Georgia | Oklahoma
84%
5Most crude oil production per capitaNorth Dakota | Alaska | Wyoming | New Mexico
84%
4Shortest nameIowa | Ohio | Utah
81%
2Longest international borderAlaska
73%
7Highest % of area is farm or ranch landNebraska | South Dakota | North Dakota | Kansas |
Iowa | Oklahoma
73%
8Highest obesity rateWest Virginia | Mississippi | Alabama | Arkansas |
Louisiana | Tennessee | Kentucky
63%
8Highest % of families below the poverty lineAlabama | Kentucky | Arkansas | West Virginia |
Louisiana | Mississippi | New Mexico
63%
6Most coal productionWyoming | West Virginia | Pennsylvania |
Illinois | Kentucky
62%
5First capital city alphabeticallyNew York | Maryland | Georgia | Maine
57%
7Highest % population growth 1950-2018Nevada | Arizona | Florida | Alaska | Utah | Colorado
57%
2Most populous capital cityArizona
42%
8Most prisoners per capitaOklahoma | Louisiana | Mississippi | Georgia |
Alabama | Arkansas | Arizona
40%
2Highest number of venomous snake speciesArizona
38%
3Youngest median age of residentsUtah | Alaska
24%

Score Distribution

Percentile by Number Answered

Percent of People with Each Score

Your Score History

You have not taken this quiz